MARC

LEADER 00000nam0a2200000 4500
001 354338
005 20231102010700.0
035 |a (RuTPU)RU\TPU\retro\11596 
090 |a 354338 
100 |a 20200618d1973 km y0rusy50 ca 
101 0 |a rus 
102 |a RU 
105 |a a z 001zy 
200 1 |a Закономерности формирования и размещения пород-коллектров Нижне-вартовского свода  |f Л. П. Колгина, Н. А. Чернова, Г. Ф. Колобова, Т. П. Сынгаевская  |g Академия наук СССР, Институт геологии и разработки горючих ископаемых ; под ред. К. Р. Чепикова 
210 |a Москва  |c Наука  |d 1973 
215 |a 106 с.  |c ил. 
320 |a Библиогр.: с. 97-99 
606 1 |a Карбонатные коллекторы  |2 stltpush  |3 (RuTPU)RU\TPU\subj\72637  |9 86062 
610 1 |a литолого-петрографический анализ 
610 1 |a породы-коллекторы 
610 1 |a продуктивные пласты 
610 1 |a продуктивные толщи 
610 1 |a нефтяные месторождения 
610 1 |a Среднее Приобье 
610 1 |a строение 
610 1 |a формирование 
610 1 |a размещение 
610 1 |a проницаемость 
610 1 |a геологические карты 
675 |a 552.578.2.061.4:552.54  |v 4 
701 1 |a Колгина  |b Л. П. 
701 1 |a Чернова  |b Н. А. 
701 1 |a Колобова  |b Г. Ф. 
701 1 |a Сынгаевская  |b Т. П. 
702 1 |a Чепиков  |b К. Р.  |4 340 
712 0 2 |a Академия наук СССР  |b Институт геологии и разработки горючих ископаемых  |c (Москва)  |c (1958-????)  |2 stltpush  |3 (RuTPU)RU\TPU\col\13483  |9 25687 
801 1 |a RU  |b 63413507  |c 20200618 
801 2 |a RU  |b 63413507  |c 20201223  |g RCR 
942 |c BK